|
|
|
|
| LEADER |
00850nam a2200289 4500 |
| 001 |
DLU110128883 |
| 005 |
##20111207 |
| 040 |
# |
# |
|a DLU
|b vie
|
| 041 |
# |
# |
|a vie
|
| 044 |
# |
# |
|a vn
|
| 100 |
# |
# |
|a Trần Văn Trọng,
|c ThS.
|
| 245 |
# |
# |
|a Đặc điểm truyện ngắn Trần Quang Nghiệp (1907-1983) /
|c Trần Văn Trọng.
|
| 653 |
# |
# |
|a Chữ Quốc ngữ
|
| 653 |
# |
# |
|a Ngôn ngữ
|
| 653 |
# |
# |
|a Nhân vật
|
| 653 |
# |
# |
|a Trần Quang Nghiệp, 1907-1983
|
| 653 |
# |
# |
|a Truyện ngắn
|
| 773 |
# |
# |
|t Nghiên cứu Văn học
|g Số 6(460), 2010, tr. 55-66
|
| 920 |
# |
# |
|a Phòng Tạp chí -- Trung tâm Thông tin - Thư viện Trường Đại học Đà Lạt
|
| 994 |
# |
# |
|a DLU
|
| 900 |
# |
# |
|a True
|
| 911 |
# |
# |
|a Nguyễn Thị Linh Chi
|
| 925 |
# |
# |
|a G
|
| 926 |
# |
# |
|a A
|
| 927 |
# |
# |
|a BB
|
| 980 |
# |
# |
|a Thư viện Trường Đại học Đà Lạt
|